| 000 | 00521pab a2200193 454500 | ||
|---|---|---|---|
| 008 | 180718b2012 xxu||||| |||| 00| 0 eng d | ||
| 100 | _aRather, Tareak A. | ||
| 245 | _aOf Gilani's exit and the culture of Pakistan's political instability | ||
| 260 | _c2012 | ||
| 300 | _ap.7-9. | ||
| 362 | _a14 Jul | ||
| 650 | _aGilani, Yosuf Raza | ||
| 650 | _aPakistan - Politics and government | ||
| 650 | _aPolitics and government | ||
| 700 | _aShah, Adfar Rashid | ||
| 773 | _aMainstream | ||
| 908 | _aN | ||
| 909 | _a97460 | ||
| 999 |
_c97460 _d97460 |
||